Structural analysis: a matrix approach / (Record no. 337892)
[ view plain ]
| 000 -LEADER | |
|---|---|
| fixed length control field | 00429cam a2200157ua 4500 |
| 003 - CONTROL NUMBER IDENTIFIER | |
| control field | OSt |
| 008 - FIXED-LENGTH DATA ELEMENTS--GENERAL INFORMATION | |
| fixed length control field | 250512b |||||||| |||| 00| 0 eng d |
| 041 ## - LANGUAGE CODE | |
| Language code of text/sound track or separate title | eng |
| 082 ## - DEWEY DECIMAL CLASSIFICATION NUMBER | |
| Classification number | 624.171 |
| Item number | PAN/ST |
| 100 ## - MAIN ENTRY--PERSONAL NAME | |
| Personal name | Pandit, G S . |
| 9 (RLIN) | 7482 |
| 245 ## - TITLE STATEMENT | |
| Title | Structural analysis: a matrix approach / |
| 260 ## - PUBLICATION, DISTRIBUTION, ETC. (IMPRINT) | |
| Place of publication, distribution, etc. | New Delhi : |
| Name of publisher, distributor, etc. | Tata Mc-Graw Hill Publishing Company , |
| Date of publication, distribution, etc. | 1985. |
| 300 ## - PHYSICAL DESCRIPTION | |
| Extent | 602 ; . |
| 700 1# - ADDED ENTRY--PERSONAL NAME | |
| Personal name | Gupta, S P . |
| 9 (RLIN) | 7483 |
| 942 ## - ADDED ENTRY ELEMENTS (KOHA) | |
| Koha item type | Books (General) |
| Withdrawn status | Lost status | Damaged status | Not for loan | Home library | Current library | Date acquired | Total Checkouts | Full call number | Barcode | Date last seen | Price effective from | Koha item type | Copy number |
|---|---|---|---|---|---|---|---|---|---|---|---|---|---|
| Kelappaji College of Agricultural Engineering & Technology Library, Tavanur | Kelappaji College of Agricultural Engineering & Technology Library, Tavanur | 07/04/2012 | 624.171 PAN/ST | KAU_KCAEFT-15695 | 03/09/2025 | 07/04/2012 | Books (General) | ||||||
| Kelappaji College of Agricultural Engineering & Technology Library, Tavanur | Kelappaji College of Agricultural Engineering & Technology Library, Tavanur | 07/04/2012 | 624.171 PAN/ST | KAU_KCAEFT-22090 | 10/12/2014 | 07/04/2012 | Books (General) | 2 |
